آ ينہء (شعر ی مجمو عہ) (Record no. 188127)

MARC details
000 -LEADER
fixed length control field 00677nam a22001937a 4500
005 - DATE AND TIME OF LATEST TRANSACTION
control field 20220510154632.0
010 ## - LCCN (DPL NO)
LC control number UR-11542
020 ## - INTERNATIONAL STANDARD BOOK NUMBER
Terms of availability 400.00
International Standard Book Number 9789390579167
035 ## - SYSTEM CONTROL NUMBER
System control number U-10097
037 ## - SOURCE OF ACQUISITION
Source of stock number/acquisition DBAD/PUB
Stock number -
082 ## - DEWEY DECIMAL CLASSIFICATION NUMBER
Classification number 841
Edition number Ist
100 ## - MAIN ENTRY--PERSONAL NAME
Personal name ز بير حسن بجنو ر ی
245 ## - TITLE STATEMENT
Title آ ينہء (شعر ی مجمو عہ)
Statement of responsibility, etc ز بير حسن بجنو ر ی
Medium ا ر د و
246 ## - VARYING FORM OF TITLE
Remainder of title Ayna (Urdu)
Title proper/short title by Zuber Hasan Bijnori
260 ## - PUBLICATION, DISTRIBUTION, ETC. (IMPRINT)
Place of publication, distribution, etc N.Delhi
Name of publisher, distributor, etc Applied Books
Date of publication, distribution, etc 2021ء
270 ## - ADDRESS
Address 1739/104,M.P. Street Pataudi House Darya Ganj ,
City New Delhi
Postal code 110002
Telephone number 23266347
Fax number -
300 ## - PHYSICAL DESCRIPTION
Extent 248 ص
Dimensions 22 Cm(Hb)
942 ## - ADDED ENTRY ELEMENTS (KOHA)
Source of classification or shelving scheme Dewey Decimal Classification
Item type Urdu Bks
Classification part 841
Call number suffix ز ب ے
Holdings
Withdrawn status Lost status Not for loan Collection code Home library Current library Date acquired Source of acquisition Cost, normal purchase price Full call number Barcode Copy number Cost, replacement price Koha item type
    Not For Loan Non-fiction D.B.Act.Division Central Library 10/05/2022 DBAD/PUB 400.00 841 ز ب ے U-10097 1 400.00 Urdu Bks

© Delhi Public Library
Hit Counter
free hit counter